Chelsea : 11 du XXIème siècle - Statistiques

Statistiques générales
  • Ce quiz a été pris 570 fois
  • Le résultat moyen est 13 sur 16
Statistiques - réponses
Poste Nationalité Années au club Joueurs % Correct
Buteur Ivoirien 2004-2012 Didier Drogba
98%
Ailier Gauche Belge 2012-2019 Eden Hazard
97%
Gardien Tchéque 2004-2015 Petr Cech
97%
Milieu Central Français 2016-2023 N'golo Kanté
95%
Milieu Central Anglais 2001-2014 Frank Lampard
92%
Défenseur Central Anglais 1998-2017 John Terry
88%
Entraîneur Portugais 2004-2008 José Mourinho
88%
Défenseur Gauche Anglais 2006-2014 Ashley Cole
86%
Remplaçant (Gardien) Sénégalais 2020-2023 Edouard Mendy
86%
Ailier Droit Anglais 2003-2010 Joe Cole
85%
Défenseur Droit Espagnol 2012-2023 César Azpilicueta
84%
Remplaçant (Milieu) Ghanéen 2005-2014 Michael Essien
80%
Milieu Central Français 2003-2008 Claude Makélélé
73%
Défenseur Central Portugais 2004-2010 Ricardo Carvalho
65%
Remplaçant (Défenseur) Serbe 2008-2017 Branislav Ivanovic
61%
Remplaçant (Milieu Offensif) Français 2007-2013 Florent Malouda
51%
Aucun quiz correspondant
Distribution des résultats
% des personnes avec chaque résultat
Percentile par nombre de réponses
Votre historique - résultats
Vous n’avez pas pris ce quiz